The Church / (Record no. 6489)
[ view plain ]
| 000 -LEADER | |
|---|---|
| fixed length control field | 00687cam a2200241Ii 4500 |
| 001 - CONTROL NUMBER | |
| control field | 2418169 |
| 003 - CONTROL NUMBER IDENTIFIER | |
| control field | OCoLC |
| 005 - DATE AND TIME OF LATEST TRANSACTION | |
| control field | 20190117094014.0 |
| 008 - FIXED-LENGTH DATA ELEMENTS--GENERAL INFORMATION | |
| fixed length control field | 760908c19761967nyu 001 0 eng d |
| 020 ## - INTERNATIONAL STANDARD BOOK NUMBER | |
| International Standard Book Number | 0385113676 |
| Terms of availability | $3.50 |
| 040 ## - CATALOGING SOURCE | |
| Original cataloging agency | SLC |
| Transcribing agency | SLC |
| Modifying agency | OCL |
| -- | CMJ |
| 082 ## - DEWEY DECIMAL CLASSIFICATION NUMBER | |
| Classification number | 262.7 |
| Item number | K96C |
| 090 ## - LOCALLY ASSIGNED LC-TYPE CALL NUMBER (OCLC); LOCAL CALL NUMBER (RLIN) | |
| Classification number (OCLC) (R) ; Classification number, CALL (RLIN) (NR) | BX1746 |
| Local cutter number (OCLC) ; Book number/undivided call number, CALL (RLIN) | .K813 1976x |
| 100 1# - MAIN ENTRY--PERSONAL NAME | |
| Personal name | Küng, Hans, |
| Dates associated with a name | 1928- |
| 240 10 - UNIFORM TITLE | |
| Uniform title | Kirche. |
| Language of a work | English |
| 245 14 - TITLE STATEMENT | |
| Title | The Church / |
| Statement of responsibility, etc. | Hans Küng |
| 260 ## - PUBLICATION, DISTRIBUTION, ETC. | |
| Place of publication, distribution, etc. | Garden City, N.Y. : |
| Name of publisher, distributor, etc. | Image Books, |
| Date of publication, distribution, etc. | 1976, c1967 |
| 300 ## - PHYSICAL DESCRIPTION | |
| Extent | 655 p. ; |
| Dimensions | 18 cm |
| 500 ## - GENERAL NOTE | |
| General note | Originally published under the title: Die Kirche |
| 504 ## - BIBLIOGRAPHY, ETC. NOTE | |
| Bibliography, etc. note | Includes bibliographical references and indexes |
| 650 #0 - SUBJECT ADDED ENTRY--TOPICAL TERM | |
| Topical term or geographic name entry element | Church |
| 942 ## - ADDED ENTRY ELEMENTS (KOHA) | |
| Source of classification or shelving scheme | Dewey Decimal Classification |
| Koha item type | Books |
| Withdrawn status | Lost status | Source of classification or shelving scheme | Damaged status | Not for loan | Collection code | Home library | Current library | Shelving location | Date acquired | Cost, normal purchase price | Total Checkouts | Full call number | Barcode | Date last seen | Price effective from | Koha item type |
|---|---|---|---|---|---|---|---|---|---|---|---|---|---|---|---|---|
| Dewey Decimal Classification | Reference | Harvest Mission College | Harvest Mission College | General Stacks | 17.01.2019 | 950.00 | 262.7 K96C | 007252 | 17.01.2019 | 17.01.2019 | Books |
